000 00803nam a2200229 a 4500
001 000030427
005 20250408123231.0
008 110517t2011 dr ac 001 0dspa d
020 _a9789945408522
040 _aDO-SdBNP
_bspa
_cBNPHU
082 _a972.93053
_bJ36s
100 1 _aJáquez, José
_91321
245 1 0 _aSin miedo a Trujillo /
_cJosé Jáquez ; prólogo Manuel Núñez.
260 _aSanto Domingo :
_bArgos,
_c2011.
300 _a254 p. :
_bil., retrs. ;
_c23 cm.
504 _aIncluye bibliografía y notas al pie de páginas.
600 1 0 _aTrujillo Molina, Rafael Leónidas,
_d 1891-1961
_976764
650 4 _aPersecuciones políticas
_xRepública dominicana
_944738
700 1 2 _aNúñez, Manuel,
_d1957-
_epról.
_92366
910 _aValidado. Control de calidad EMS.
049 _aBNPD
999 _c29919
_d29919